Buen gobierno y política social /

Αποθηκεύτηκε σε:
Λεπτομέρειες βιβλιογραφικής εγγραφής
Κύριος συγγραφέας: Giner, Salvador
Άλλοι συγγραφείς: Sarasa, Sebastián
Μορφή: Κείμενο
Έκδοση: Barcelona: Ariel S.A.
Θέματα:
Ετικέτες: Προσθήκη ετικέτας
Δεν υπάρχουν, Καταχωρήστε ετικέτα πρώτοι!

MARC

LEADER 00000 a a2200000 04500
001 31842
003
040
020 |a 84-344-1809-6  
090 |a 199802  
100 |a Giner, Salvador  
245 |a Buen gobierno y política social /  |c Salvador Giner 
260 |a Barcelona:   |b Ariel S.A.  
300 |a 245 p.  
650 |a ESCANDINAVIA  
650 |a ECONOMIA DEL BIENESTAR  
650 |a EQUIDAD SOCIAL  
650 |a CAMBIO ECONOMICO  
650 |a DESEMPLEO  
650 |a POBREZA  
650 |a POLITICA GUBERNAMENTAL  
650 |a SEGURIDAD SOCIAL  
650 |a BIENESTAR SOCIAL  
700 |a Sarasa, Sebastián  
999 |c 16032  |d 16032